000 00738nam a22001937a 4500
003 KOHA_MİRAKIL
005 20260415100455.0
008 260415b tu ||||| |||| 00| 0 tur d
040 _aTR-AnABB
_btur
_cTR-AnABB
041 _atur
082 _a307.12
_bULU 1997 1.K.
111 2 _aUlusal Bölge Bilimi Bölge Planlama Kongeresi
_n(7.:
_d1997:
_cİzmir)
_93465
245 1 0 _a7. Ulusal Bölge Bilimi Bölge Planlama Kongresi /
_cDokuz Eylül Üniversitesi
260 _aİzmir :
_bDokuz Eylül Üniversitesi,
_c1997
300 _a305 sayfa ;
_c24 cm
500 _aKitap içerisinde Prof. Dr. Ruşen Keleş'in Bölge Gerçeği ve Avrupa adlı bildirisi yer almaktadır. (193-199)
650 0 4 _aBölge planlama
942 _2ddc
_cBK
999 _c10259
_d10259
900 _bCan ÇELIK